| 000 | 00419nam a22001817a 4500 | ||
|---|---|---|---|
| 003 | OSt | ||
| 005 | 20260520104520.0 | ||
| 008 | 260520b |||||||| |||| 00| 0 eng d | ||
| 040 | _cAL | ||
| 041 | _aeng | ||
| 082 | _a200 FRAP | ||
| 100 |
_aFrancis fanthome _9264158 |
||
| 245 | _aPrayer for assembly manorama | ||
| 260 |
_aChicago _bHein emann _c2002 |
||
| 300 | _a124p | ||
| 650 | _2Religion | ||
| 942 |
_2ddc _cBED |
||
| 999 |
_c241458 _d241458 |
||